ბათუმის შოთა რუსთაველის სახელმწიფო უნივერსიტეტის ბიბლიოთეკა

წიგნადი ფონდების მავნებლები და მათ წინააღმდეგ ბრძოლა (ბიბ.ჩანაწერი № 52843)

000 -LEADER
fixed length control field 00842nam a2200217Ia 4500
001 - CONTROL NUMBER
control field 19873
003 - CONTROL NUMBER IDENTIFIER
control field GE_BSU
008 - FIXED-LENGTH DATA ELEMENTS--GENERAL INFORMATION
fixed length control field 181216s||||||||xx |||||||||||||| ||und||
040 ## - CATALOGING SOURCE
Transcribing agency GE_BSU
080 ## - UNIVERSAL DECIMAL CLASSIFICATION NUMBER
Universal Decimal Classification number 02
245 ## - TITLE STATEMENT
Title წიგნადი ფონდების მავნებლები და მათ წინააღმდეგ ბრძოლა
245 ## - TITLE STATEMENT
Statement of responsibility, etc. შემდგ.დ.ა. ჯაფარიძე. რედ. ა. აბაშიძე.
260 ## - PUBLICATION, DISTRIBUTION, ETC.
Place of publication, distribution, etc. თბილისი
260 ## - PUBLICATION, DISTRIBUTION, ETC.
Date of publication, distribution, etc. 1963
300 ## - PHYSICAL DESCRIPTION
Extent 21გვ.
653 ## - INDEX TERM--UNCONTROLLED
Uncontrolled term ბიბლიოთეკარი
653 ## - INDEX TERM--UNCONTROLLED
Uncontrolled term ქსეროქსი
653 ## - INDEX TERM--UNCONTROLLED
Uncontrolled term წიგნადი ფონდების მავნებლები და მათ წინააღმდეგ ბრძოლა
942 ## - ADDED ENTRY ELEMENTS (KOHA)
Koha item type წიგნი
ეგზემპლარები
Withdrawn status Lost status Damaged status Not for loan Date acquired Barcode Date last seen Price effective from Koha item type Public note
        2018-12-17 00413 2018-12-17 2018-12-17 წიგნი ქსეროქსი